El bizarro doncel Palatino de Vandalia (Record no. 93744)

MARC details
000 -LEADER
campo de control de longitud fija 00560nam a2200181 i 4500
001 - NÚMERO DE CONTROL
campo de control 93744
003 - IDENTIFICADOR DE NÚMERO DE CONTROL
campo de control ES-MaACL
005 - FECHA Y HORA DE LA ÚLTIMA TRANSACCIÓN
campo de control 20230906181315.0
007 - CAMPO FIJO DE DESCRIPCIÓN FÍSICA--INFORMACIÓN GENERAL
campo de control de longitud fija t|
008 - DATOS DE LONGITUD FIJA--INFORMACIÓN GENERAL
campo de control de longitud fija 050419s1947 sp ||||1| spa d
100 1# - ENTRADA PRINCIPAL--NOMBRE DE PERSONA
Nombre de persona López Flores, Manuel.
9 (RLIN) 73643
245 13 - MENCIÓN DEL TÍTULO
Título El bizarro doncel Palatino de Vandalia
Resto del título : (novela caballeresca) /
Mención de responsabilidad, etc. Manuel López Flores.
250 ## - MENCION DE EDICION
Resto de la mención de edición Edición príncipe.
260 ## - PUBLICACIÓN, DISTRIBUCIÓN, ETC.
Lugar de publicación, distribución, etc. Barcelona :
Nombre del editor, distribuidor, etc. Clásica,
Fecha de publicación, distribución, etc. 1947.
300 ## - DESCRIPCIÓN FÍSICA
Extensión 459 p. (1), 4 h. ;
Dimensiones 29 cm.
500 ## - NOTA GENERAL
Nota general (1) En la p. 6 autorretrato.
852 ## - LOCALIZACIÓN
Ubicación ES-MaACL
Número de control de estantería B-13759
Sublocalización o colección R.25165
Holdings
Estatus retirado Estado de pérdida Estado de daño No para préstamo Biblioteca de origen Biblioteca actual Ubicación en estantería Fecha de adquisición Fuente de adquisición Total de préstamos Signatura topográfica completa Código de barras Visto por última vez Precio de reemplazo Tipo de ítem Koha
        Biblioteca del Ateneo de Madrid Biblioteca del Ateneo de Madrid Sala Pardo Bazán 17/01/2008     B-13759 1097896 23/02/2023 23/02/2023 Libro impreso